[Event "Plunge op 37th"]
[Site "Plateliai"]
[Date "2017.07.21"]
[Round "5"]
[White "Stremavicius, Pijus"]
[Black "Malinin, Yuri"]
[Result "1/2-1/2"]
[WhiteElo "1856"]
[BlackElo "2254"]
[PlyCount "51"]
[EventDate "2017.07.17"]
[EventType "swiss"]
[EventRounds "9"]
[EventCountry "LTU"]
[SourceTitle "EXT 2019"]
[Source "ChessBase"]
[SourceDate "2018.10.10"]
[SourceVersion "1"]
[SourceVersionDate "2018.10.10"]
[SourceQuality "1"]

1. d4 g6 2. Nf3 Bg7 3. c3 d6 4. Bg5 h6 5. Bh4 f5 6. e3 g5 7. Bg3 Nf6 8. Bc4 e6 9. Qc2 Qe7 10. h4 g4 11. Ng1 e5 12. Ne2 Nc6 13. Nd2 Bd7 14. Bd3 Qe6 15. Bc4 Qe7 16. Bd3 e4 17. Bc4 Na5 18. Bb3 Nh5 19. Nf4 Nxf4 20. Bxf4 Nxb3 21. Qxb3 0-0-0 22. Qa3 Kb8 23. Nc4 Qe6 24. Qb3 Rde8 25. 0-0-0 Qd5 26. Nd2 1/2-1/2

[Event "Plunge op 37th"]
[Site "Plateliai"]
[Date "2017.07.20"]
[Round "4"]
[White "Malinin, Yuri"]
[Black "Povilaitis, Tomas"]
[Result "1-0"]
[WhiteElo "2254"]
[BlackElo "1720"]
[PlyCount "95"]
[EventDate "2017.07.17"]
[EventType "swiss"]
[EventRounds "9"]
[EventCountry "LTU"]
[SourceTitle "EXT 2019"]
[Source "ChessBase"]
[SourceDate "2018.10.10"]
[SourceVersion "1"]
[SourceVersionDate "2018.10.10"]
[SourceQuality "1"]

1. Nf3 c5 2. c4 Nf6 3. Nc3 Nc6 4. g3 g6 5. Bg2 Bg7 6. 0-0 0-0 7. d4 d5 8. cxd5 Nxd5 9. Nxd5 Qxd5 10. Be3 Qh5 11. dxc5 Bxb2 12. Rb1 Bg7 13. Qa4 Rb8 14. Rfd1 Bh3 15. Bh1 h6 16. Bf4 e5 17. Be3 Rfe8 18. Nd2 Nd4 19. Bxd4 exd4 20. Bf3 Qxc5 21. Rxb7 Rbc8 22. Ne4 Rxe4 23. Bxe4 Qe5 24. Bf3 g5 25. Qb5 Rc5 26. Rb8+ Kh7 27. Qe8 Qxe8 28. Rxe8 Ra5 29. Be4+ f5 30. Bb1 Rc5 31. Re7 a5 32. Bd3 Kg6 33. Rb7 Rc3 34. f3 Ra3 35. Rd2 Rc3 36. Kf2 Rc1 37. Rb1 Rc3 38. g4 Be5 39. Bxf5+ Kg7 40. Rc2 a4 41. Rb7+ Kg8 42. Rxc3 dxc3 43. Rb5 Bc7 44. e3 Bd6 45. Rd5 Be7 46. Rd1 h5 47. Kg3 hxg4 48. fxg4 1-0